00703nam a22001817a 450000500170000000800410001702000180005804100080007608200240008410000150010824501110012326000530023430000090028750000280029694200070032499900190033195201710035020250402132845.0250402b |||||||| |||| 00| 0 eng d a9789392510557 aeng a001.954bDAS B22476 aDasgupta S aA History of Indian Philosophy: bPhilosophy of Buddhist, Jaina and Six Systems of Indian Thought , Vol. I aDelhi bMotilal Banarsidass International c2022 a528p aIndian Knowledge System cBK c365858d365858 00102ddc4070aHIMRbHIMRd2025-01-20eForward Booksg650.00i 24325 l0o001.954 DAS B22476pHIMR-BK-22476r2025-04-02 00:00:00t27v474.50w2025-01-18yBKzB22476